Some remarks on faster convergent infinite series I

Salvato in:
Dettagli Bibliografici
Autore principale: Holý, Dušan
Altri autori: Matejíčka, Ladislav, Pinda, Ľudovít, 1958-
Natura: Libro
Lingua:slovacco
Pubblicazione: Bratislava [Katedra matematiky FHI EU] 2010
Soggetti:
Tags: Aggiungi Tag
Nessun Tag, puoi essere il primo ad aggiungerne!!

MARC

LEADER 00000nam$a2200000$$$4500
001 0112548
005 20240502072241.8
041 0 |a slo 
044 |a SK 
245 1 0 |a Some remarks on faster convergent infinite series I  |c Dušan Holý, Ladislav Matejíčka, Ľudovít Pinda 
264 1 |a Bratislava  |b [Katedra matematiky FHI EU]  |c 2010 
610 2 0 |a matematika 
610 2 0 |a funkcie matematické 
100 1 |a Holý, Dušan 
700 1 |a Matejíčka, Ladislav 
700 1 |a Pinda, Ľudovít, 1958-